[Event "Ogolnopolski Turniej Fianchetto"]
[Site "Jastrzebia Gora"]
[Date "2015.??.??"]
[Round "6.11"]
[White "Grabczynski, Zdzislaw"]
[Black "Kubin, Aleksander"]
[Result "1/2-1/2"]
[WhiteElo "1659"]
[BlackElo "1812"]
[PlyCount "50"]
[EventDate "2015.??.??"]

1. d4 f5 2. c4 Nf6 3. Nc3 e6 4. a3 Be7 5. h3 O-O 6. Bg5 d5 7. e3 c6 8. f4 Ne4
9. Bxe7 Qxe7 10. Nxe4 fxe4 11. g3 Nd7 12. c5 b5 13. Ne2 a5 14. Bg2 g5 15. b4
gxf4 16. gxf4 Qh4+ 17. Kd2 a4 18. Rg1 Kh8 19. Qe1 Qh6 20. Qg3 Nf6 21. Bh1 Bd7
22. Qf2 Rg8 23. Rg5 Rg6 24. Rag1 Rag8 25. f5 Rxg5 1/2-1/2

[Event "Ogolnopolski Turniej Fianchetto"]
[Site "Jastrzebia Gora"]
[Date "2015.??.??"]
[Round "6.14"]
[White "Fojcik, Krzysztof"]
[Black "Les, Czeslaw"]
[Result "0-1"]
[WhiteElo "1582"]
[BlackElo "1874"]
[PlyCount "52"]
[EventDate "2015.??.??"]

1. e4 d5 2. exd5 Nf6 3. Nf3 g6 4. d4 Nxd5 5. c4 Nb6 6. Nc3 Bg7 7. h3 O-O 8. Be3
c6 9. Qd2 Na6 10. O-O-O Nc7 11. g4 Be6 12. b3 Nd7 13. Bh6 Nf6 14. Ne5 a5 15.
Bxg7 Kxg7 16. f4 a4 17. Nxa4 Ne4 18. Qe3 f5 19. Kb1 b5 20. cxb5 Nd5 21. Qe1
Rxa4 22. bxa4 Nec3+ 23. Kc1 Qd6 24. Nxc6 Qa3+ 25. Kc2 Qxa4+ 26. Kd3 Nxd1 0-1

[Event "Ogolnopolski Turniej Fianchetto"]
[Site "Jastrzebia Gora"]
[Date "2015.??.??"]
[Round "6.15"]
[White "Czech, Mieczyslaw"]
[Black "Skladzien, Romuald"]
[Result "1-0"]
[WhiteElo "1860"]
[BlackElo "1762"]
[PlyCount "40"]
[EventDate "2015.??.??"]

1. e4 e6 2. d4 d5 3. exd5 exd5 4. Bd3 Nf6 5. Bg5 Be7 6. Ne2 Bg4 7. f3 Bh5 8.
Nf4 Bg6 9. Nxg6 hxg6 10. Nd2 Nbd7 11. Qe2 Nh5 12. O-O-O Kf8 13. Be3 Bg5 14. g3
Bxe3 15. Qxe3 Qe7 16. Qf2 Rd8 17. Rhe1 Qd6 18. Nf1 f5 19. f4 Kf7 20. Ne3 c6 {
...61} 1-0

[Event "Ogolnopolski Turniej Fianchetto"]
[Site "Jastrzebia Gora"]
[Date "2015.??.??"]
[Round "6.17"]
[White "Rogalski, Krzysztof"]
[Black "Piasecki, Stanislaw"]
[Result "1-0"]
[WhiteElo "1788"]
[BlackElo "1589"]
[PlyCount "33"]
[EventDate "2015.??.??"]

1. d4 Nf6 2. Nf3 d5 3. c4 e6 4. e3 b6 5. Nc3 Bb7 6. Bd3 Be7 7. O-O c6 8. b3
Nbd7 9. Bb2 h6 10. Qc2 Qc7 11. Rac1 a6 12. Qd2 Qb8 13. a3 Nh7 14. Bxh7 Rxh7 15.
Ne2 Bg5 16. Qd3 Nf6 17. h4 1-0

[Event "Ogolnopolski Turniej Fianchetto"]
[Site "Jastrzebia Gora"]
[Date "2015.??.??"]
[Round "6.18"]
[White "Wroblewski, Mieczyslaw"]
[Black "Kondrusik, Aleksander"]
[Result "0-1"]
[WhiteElo "1773"]
[BlackElo "1554"]
[PlyCount "92"]
[EventDate "2015.??.??"]

1. e4 c5 2. Nf3 d6 3. d4 cxd4 4. Nxd4 Nf6 5. Nc3 a6 6. Bd3 e6 7. Bg5 Be7 8. O-O
Nbd7 9. Re1 O-O 10. Bc4 Ne5 11. Bb3 Nc6 12. a3 Bd7 13. Nf3 Qc7 14. Qe2 Rad8 15.
Rad1 Bc8 16. h3 b5 17. Qd2 Ne8 18. Bxe7 Qxe7 19. Qe3 Qc7 20. Ne2 Nf6 21. Nf4 h6
22. Qc3 Qb6 23. Qe3 Qxe3 24. Rxe3 Rfe8 25. Rdd3 Bb7 26. e5 dxe5 27. Nxe5 Nxe5
28. Rxe5 Rxd3 29. Nxd3 Nd7 30. Re3 Kf8 31. g3 Rc8 32. Kf1 g6 33. Ke2 Ke7 34.
Kd2 Nb6 35. h4 Bd5 36. Bxd5 Nxd5 37. Re2 f6 38. f4 Nb6 39. b3 a5 40. c3 Nd5 41.
Re1 Rxc3 42. Rc1 Rxc1 43. Nxc1 Kd6 44. Kd3 e5 45. Ne2 exf4 46. gxf4 Kc5 0-1

[Event "Ogolnopolski Turniej Fianchetto"]
[Site "Jastrzebia Gora"]
[Date "2015.??.??"]
[Round "6.19"]
[White "Karolak, Jan"]
[Black "Kopij, Jozef"]
[Result "1-0"]
[WhiteElo "1832"]
[BlackElo "1382"]
[PlyCount "59"]
[EventDate "2015.??.??"]

1. Nf3 d5 2. g3 Nc6 3. d4 Bg4 4. Bg2 Bxf3 5. Bxf3 e6 6. O-O Nf6 7. c3 Bd6 8.
Nd2 O-O 9. e4 dxe4 10. Nxe4 Nxe4 11. Bxe4 Qd7 12. f4 f5 13. Bg2 Rab8 14. d5 Ne7
15. dxe6 Qxe6 16. Qb3 Qxb3 17. axb3 a6 18. Be3 Nc6 19. Bxc6 bxc6 20. b4 Rfe8
21. Kf2 Ra8 22. Rfe1 Reb8 23. Ra5 g6 24. Rea1 c5 25. Bxc5 Bxc5+ 26. Rxc5 Rb7
27. Raa5 Kg7 28. Rc6 Raa7 29. Rd5 Ra8 30. Rd7+ 1-0

[Event "Ogolnopolski Turniej Fianchetto"]
[Site "Jastrzebia Gora"]
[Date "2015.??.??"]
[Round "6.20"]
[White "Kudlacik, Jan"]
[Black "Jagiela, Piotr"]
[Result "0-1"]
[WhiteElo "1274"]
[BlackElo "1696"]
[PlyCount "38"]
[EventDate "2015.??.??"]

1. e4 c5 2. Bc4 e6 3. c3 d5 4. exd5 exd5 5. Bb5+ Bd7 6. Bxd7+ Nxd7 7. Nf3 Bd6
8. O-O Ne7 9. d3 Qc7 10. Be3 O-O 11. Nbd2 f5 12. Bg5 Ng6 13. h3 Rf7 14. Re1
Raf8 15. Nf1 f4 16. Re6 Nh8 17. Qb3 c4 18. dxc4 Nc5 19. cxd5 Nxb3 0-1

[Event "Ogolnopolski Turniej Fianchetto"]
[Site "Jastrzebia Gora"]
[Date "2015.??.??"]
[Round "6.21"]
[White "Budnik, Kazimierz"]
[Black "Olszewski, Jerzy"]
[Result "0-1"]
[WhiteElo "1250"]
[BlackElo "1681"]
[PlyCount "60"]
[EventDate "2015.??.??"]

1. e4 e5 2. Nf3 Nc6 3. Bb5 a6 4. Bxc6 dxc6 5. d3 Bg4 6. h3 Bxf3 7. Qxf3 Ne7 8.
Nc3 f6 9. Be3 b6 10. Ne2 c5 11. Ng3 Qd7 12. Nf5 Nc6 13. Qg4 g6 14. Ng3 Bg7 15.
Qxd7+ Kxd7 16. O-O Raf8 17. c3 Ke6 18. a4 Rf7 19. f4 Rd7 20. f5+ Ke7 21. Rad1
Rhd8 22. d4 cxd4 23. cxd4 Nxd4 24. Bxd4 Rxd4 25. Ra1 Bh6 26. Ne2 Rxe4 27. Nc3
Rb4 28. fxg6 hxg6 29. Rab1 Rd2 30. g3 c6 0-1

[Event "Ogolnopolski Turniej Fianchetto"]
[Site "Jastrzebia Gora"]
[Date "2015.??.??"]
[Round "6.22"]
[White "Radwan, Jan"]
[Black "Gackowski, Marian"]
[Result "1-0"]
[WhiteElo "1592"]
[BlackElo "1223"]
[PlyCount "51"]
[EventDate "2015.??.??"]

1. g3 e5 2. Bg2 d6 3. d3 Nc6 4. h3 Nf6 5. f4 exf4 6. Bxf4 Bd7 7. Nc3 Be7 8. Qd2
O-O 9. O-O-O Re8 10. e4 Bf8 11. g4 Nd4 12. Nge2 c5 13. Nxd4 cxd4 14. Nd5 Nxd5
15. exd5 b5 16. Bf3 a5 17. Qh2 a4 18. Bxd6 Bxd6 19. Qxd6 Re3 20. Be4 Qc8 21.
Kb1 Re2 22. Rc1 b4 23. Rhf1 Ra6 24. Qe7 Be8 25. Bxh7+ Kxh7 26. Qxe2 1-0

[Event "Ogolnopolski Turniej Fianchetto"]
[Site "Jastrzebia Gora"]
[Date "2015.??.??"]
[Round "6.23"]
[White "Grabarczyk, Edmund"]
[Black "Zelajtys, Jozef"]
[Result "0-1"]
[WhiteElo "1284"]
[BlackElo "1581"]
[PlyCount "72"]
[EventDate "2015.??.??"]

1. e4 e6 2. d4 d5 3. e5 c5 4. c3 Nc6 5. Nf3 Bd7 6. Be2 Rc8 7. h3 Qc7 8. O-O
Nge7 9. Na3 a6 10. Nc2 Nf5 11. g4 Nfe7 12. Nce1 h5 13. Ng2 hxg4 14. hxg4 Ng6
15. Bd3 Nge7 16. Bc2 cxd4 17. Re1 dxc3 18. bxc3 g6 19. Nf4 Bg7 20. Nd3 Na5 21.
Bd2 Nc4 22. Bc1 Qa5 23. Nb4 Nc6 24. a3 N6xe5 25. Nxe5 Bxe5 26. Bxg6 fxg6 27.
Qd3 Kf7 28. Qf3+ Kg7 29. g5 Rcf8 30. Qd3 Qc5 31. Re2 Rh4 32. Be3 Bh2+ 33. Kg2
Nxe3+ 34. Rxe3 Qc4 35. f3 Qxd3 36. Nxd3 Bd6 0-1

[Event "Ogolnopolski Turniej Fianchetto"]
[Site "Jastrzebia Gora"]
[Date "2015.??.??"]
[Round "6.24"]
[White "Krzystala, Henryk"]
[Black "Szynwelski, Ryszard"]
[Result "1-0"]
[WhiteElo "1575"]
[BlackElo "1275"]
[PlyCount "39"]
[EventDate "2015.??.??"]

1. Nf3 d5 2. d4 Nc6 3. c3 Bf5 4. g3 Qd7 5. Bg2 e6 6. Bf4 Bd6 7. Qc1 Bxf4 8.
Qxf4 Nge7 9. O-O Ng6 10. Qe3 O-O-O 11. Nbd2 h6 12. Nb3 b6 13. a4 a5 14. Qc1 e5
15. dxe5 Ngxe5 16. Nfd4 Bh3 17. Qf4 Bxg2 18. Kxg2 g5 19. Qf6 Ng4 20. Qxc6 1-0

[Event "Ogolnopolski Turniej Fianchetto"]
[Site "Jastrzebia Gora"]
[Date "2015.??.??"]
[Round "6.25"]
[White "Nasalski, Leon"]
[Black "Karamucki, Henryk"]
[Result "0-1"]
[WhiteElo "1141"]
[BlackElo "1422"]
[PlyCount "54"]
[EventDate "2015.??.??"]

1. f4 e5 2. fxe5 d6 3. d4 dxe5 4. e3 Nf6 5. Nf3 Bg4 6. h3 Bxf3 7. Qxf3 e4 8.
Qf2 Bd6 9. c4 c5 10. d5 Nbd7 11. Qh4 Qe7 12. Be2 O-O 13. Bg4 g6 14. a3 Rfe8 15.
O-O a6 16. Bd2 Nxg4 17. Qxe7 Rxe7 18. hxg4 Nb6 19. Rc1 Rc8 20. b4 cxb4 21. axb4
Nxc4 22. Na3 Nb6 23. Rxc8+ Nxc8 24. Rc1 Rc7 25. Rxc7 Bxc7 26. Nc4 Nd6 27. Nxd6
Bxd6 0-1

[Event "Ogolnopolski Turniej Fianchetto"]
[Site "Jastrzebia Gora"]
[Date "2015.??.??"]
[Round "6.26"]
[White "Pilecki, Jozef"]
[Black "Grobelna, Ewa"]
[Result "0-1"]
[WhiteElo "1371"]
[BlackElo "1533"]
[PlyCount "32"]
[EventDate "2015.??.??"]

1. Nf3 Nc6 2. e3 e5 3. Nc3 Nf6 4. Be2 e4 5. Ng5 h6 6. Nh3 d5 7. Nf4 Bb4 8. h3
Bf5 9. a3 Bxc3 10. dxc3 Qd7 11. g4 Bh7 12. O-O g5 13. Ng2 h5 14. gxh5 Qxh3 15.
c4 Bg6 16. hxg6 Qh1# 0-1

[Event "Ogolnopolski Turniej Fianchetto"]
[Site "Jastrzebia Gora"]
[Date "2015.??.??"]
[Round "6.30"]
[White "Flis, Jozef"]
[Black "Wojciechowski, Tomasz"]
[Result "0-1"]
[WhiteElo "1070"]
[BlackElo "1265"]
[PlyCount "52"]
[EventDate "2015.??.??"]

1. c4 e5 2. e3 d6 3. d3 Nf6 4. Nc3 Be7 5. Nf3 O-O 6. d4 e4 7. Nd2 d5 8. h3 c6
9. g3 Bf5 10. cxd5 cxd5 11. Qb3 Nc6 12. Qxb7 Nb4 13. Kd1 Rb8 14. Qxa7 Qd6 15.
a3 Nd3 16. Bxd3 exd3 17. g4 Be4 18. Ndxe4 dxe4 19. Bd2 Rxb2 20. Ke1 Rfb8 21. g5
Nd7 22. Nxe4 Rb1+ 23. Bc1 Qc6 24. Rxb1 Rxb1 25. Kd2 Qc2+ 26. Ke1 Qe2# 0-1

[Event "Ogolnopolski Turniej Fianchetto"]
[Site "Jastrzebia Gora"]
[Date "2015.??.??"]
[Round "7.2"]
[White "Kaukiel, Piotr"]
[Black "Matuszczyk, Krystian"]
[Result "1-0"]
[WhiteElo "2198"]
[BlackElo "1970"]
[PlyCount "65"]
[EventDate "2015.??.??"]

1. Nf3 b6 2. g3 Bb7 3. Bg2 Nf6 4. O-O e6 5. c4 Be7 6. b3 O-O 7. Bb2 d5 8. d3 c5
9. cxd5 exd5 10. Nbd2 Nbd7 11. d4 Re8 12. Rc1 Bd6 13. Re1 Rc8 14. Bh3 Rb8 15.
e3 Qe7 16. Qc2 Nf8 17. Nh4 Bc8 18. Nf5 Bxf5 19. Bxf5 h6 20. dxc5 bxc5 21. e4
dxe4 22. Nxe4 Be5 23. Nxc5 Qc7 24. Bxe5 Rxe5 25. Rxe5 Qxe5 26. a3 Rd8 27. b4
Rd4 28. Nb3 Rd5 29. Bh3 Qd6 30. Bf1 Ne6 31. Bc4 Nd4 32. Qd3 Nxb3 33. Bxd5 1-0

[Event "Ogolnopolski Turniej Fianchetto"]
[Site "Jastrzebia Gora"]
[Date "2015.??.??"]
[Round "7.3"]
[White "Pioch, Zygmunt"]
[Black "Marczukiewicz, Jerzy"]
[Result "1/2-1/2"]
[WhiteElo "2057"]
[BlackElo "1932"]
[PlyCount "82"]
[EventDate "2015.??.??"]

1. e4 c5 2. Nf3 Nc6 3. d4 cxd4 4. Nxd4 e6 5. Nc3 Qc7 6. Be3 a6 7. Be2 Nf6 8.
O-O b5 9. Nxc6 dxc6 10. f3 Be7 11. a4 b4 12. Nb1 a5 13. Nd2 O-O 14. Qe1 Nd7 15.
Qf2 Bf6 16. Rab1 Ba6 17. Bxa6 Rxa6 18. f4 Nb6 19. Bc5 Be7 20. b3 Bxc5 21. Qxc5
Rd8 22. Rbd1 Raa8 23. Nf3 Nd7 24. Qe3 Nf6 25. Ne5 c5 26. Nc4 h6 27. h3 Rd7 28.
Rxd7 Nxd7 29. Rd1 Nb6 30. Nxb6 Qxb6 31. e5 Qc7 32. Qd3 Rc8 33. Qc4 Kf8 34. Rd6
Ke7 35. Kf2 Rd8 36. Rxd8 Kxd8 37. Qd3+ Qd7 38. Ke3 Qxd3+ 39. Kxd3 Kc7 40. g4 g6
41. Ke4 Kc6 1/2-1/2

[Event "Ogolnopolski Turniej Fianchetto"]
[Site "Jastrzebia Gora"]
[Date "2015.??.??"]
[Round "7.4"]
[White "Pojedziniec, Wladyslaw"]
[Black "Relidzynski, Tadeusz"]
[Result "1/2-1/2"]
[WhiteElo "2048"]
[BlackElo "1833"]
[PlyCount "28"]
[EventDate "2015.??.??"]

1. Nf3 Nf6 2. c4 e6 3. Nc3 d5 4. d4 a6 5. cxd5 exd5 6. Bf4 Be7 7. e3 O-O 8. Bd3
Nbd7 9. Qb3 c6 10. h3 Re8 11. O-O b5 12. Ne5 Bb7 13. Qc2 g6 14. Qd1 Qc8 1/2-1/2

[Event "Ogolnopolski Turniej Fianchetto"]
[Site "Jastrzebia Gora"]
[Date "2015.??.??"]
[Round "7.5"]
[White "Chojnowski, Marcin"]
[Black "Miozga, Tomasz"]
[Result "1-0"]
[WhiteElo "2033"]
[BlackElo "1926"]
[PlyCount "41"]
[EventDate "2015.??.??"]

1. e4 e6 2. d4 d5 3. Nd2 dxe4 4. Nxe4 Nd7 5. Nf3 Ngf6 6. Bg5 Be7 7. Nxf6+ Nxf6
8. Bd3 O-O 9. c3 h6 10. Bf4 Nd5 11. Be5 Bf6 12. O-O Bxe5 13. Nxe5 c5 14. dxc5
Qc7 15. Re1 Qxc5 16. Qf3 f6 17. Ng6 Rf7 18. b4 Qc7 19. Qxd5 exd5 20. Re8+ Rf8
21. Rxf8+ 1-0

[Event "Ogolnopolski Turniej Fianchetto"]
[Site "Jastrzebia Gora"]
[Date "2015.??.??"]
[Round "7.6"]
[White "Kubin, Aleksander"]
[Black "Zminda, Bogdan"]
[Result "0-1"]
[WhiteElo "1812"]
[BlackElo "1944"]
[PlyCount "54"]
[EventDate "2015.??.??"]

1. e4 c5 2. Nc3 Nc6 3. f4 g6 4. Nf3 Bg7 5. Bc4 e6 6. O-O Nge7 7. Qe1 Nd4 8.
Nxd4 cxd4 9. Ne2 d5 10. Bb5+ Bd7 11. Bxd7+ Qxd7 12. d3 dxe4 13. dxe4 Rc8 14. f5
gxf5 15. exf5 Nxf5 16. Bd2 O-O 17. c3 Rfd8 18. Rd1 Qb5 19. Bc1 dxc3 20. Rxd8+
Rxd8 21. Nxc3 Bd4+ 22. Kh1 Bxc3 23. bxc3 Rd3 24. Qe2 Qc4 25. Rxf5 exf5 26. Bh6
Qe4 27. Qf1 Qd5 0-1

[Event "Ogolnopolski Turniej Fianchetto"]
[Site "Jastrzebia Gora"]
[Date "2015.??.??"]
[Round "7.7"]
[White "Przybyl, Jozef"]
[Black "Najdzionek, Boleslaw"]
[Result "1-0"]
[WhiteElo "1801"]
[BlackElo "1818"]
[PlyCount "101"]
[EventDate "2015.??.??"]

1. e4 c5 2. Nc3 Nc6 3. g3 Nf6 4. Bg2 e6 5. f4 d6 6. Nf3 a6 7. d3 Qc7 8. O-O Bd7
9. b3 Be7 10. Bb2 O-O 11. Ne2 Rac8 12. h3 e5 13. f5 Nd4 14. c3 Nxf3+ 15. Bxf3
b5 16. c4 g6 17. g4 Ne8 18. Bc1 Qd8 19. Bh6 Ng7 20. Qd2 Bh4 21. Kg2 g5 22. Ng1
f6 23. Be2 Rf7 24. Nf3 Bc6 25. Nxh4 gxh4 26. Bf3 Rb7 27. Qf2 bxc4 28. dxc4 a5
29. Qxh4 a4 30. bxa4 Rb2+ 31. Rf2 Rcb8 32. Raf1 Bxa4 33. g5 Ne8 34. Bh5 Bc2 35.
Bxe8 fxg5 36. Bxg5 Qxe8 37. f6 Qf7 38. Kh2 Bd3 39. Rg1 Rxf2+ 40. Qxf2 Bxe4 41.
Bh6+ Bg6 42. h4 Qxc4 43. h5 Ra8 44. Rg2 Kf7 45. hxg6+ hxg6 46. Qg3 Qe4 47. Qh3
Qf5 48. Qb3+ c4 49. Qxc4+ Qe6 50. Qc7+ Ke8 51. Qc6+ 1-0

[Event "Ogolnopolski Turniej Fianchetto"]
[Site "Jastrzebia Gora"]
[Date "2015.??.??"]
[Round "7.8"]
[White "Wojcieszyn, Zdzislaw"]
[Black "Zarow, Zdzislaw"]
[Result "0-1"]
[WhiteElo "1982"]
[BlackElo "1901"]
[PlyCount "48"]
[EventDate "2015.??.??"]

1. d4 Nf6 2. c4 d5 3. cxd5 Qxd5 4. Nc3 Qh5 5. Nf3 Nc6 6. Bf4 Qa5 7. e3 Bg4 8.
Qb3 O-O-O 9. Bb5 Bxf3 10. gxf3 Nd5 11. Bxc6 bxc6 12. Bg3 e6 13. O-O h5 14. Nxd5
Rxd5 15. h4 g5 16. Rac1 gxh4 17. Bxh4 Rg5+ 18. Kh2 Bd6+ 19. f4 Rg4 20. Bf6 Qf5
21. f3 Bxf4+ 22. exf4 Qxf4+ 23. Kh1 Rh4+ 24. Bxh4 Qxh4+ 0-1

[Event "Ogolnopolski Turniej Fianchetto"]
[Site "Jastrzebia Gora"]
[Date "2015.??.??"]
[Round "7.9"]
[White "Winiarski, Kazimierz"]
[Black "Czech, Mieczyslaw"]
[Result "1/2-1/2"]
[WhiteElo "1934"]
[BlackElo "1860"]
[PlyCount "29"]
[EventDate "2015.??.??"]

1. e4 c5 2. Nf3 d6 3. d4 cxd4 4. Nxd4 Nf6 5. Nc3 a6 6. Bc4 e6 7. Bb3 Be7 8. O-O
O-O 9. Kh1 Nc6 10. f4 Qc7 11. Be3 Bd7 12. f5 Nxd4 13. Bxd4 e5 14. Bg1 Bc6 15.
Re1 1/2-1/2

[Event "Ogolnopolski Turniej Fianchetto"]
[Site "Jastrzebia Gora"]
[Date "2015.??.??"]
[Round "7.10"]
[White "Barnowski, Sylwester"]
[Black "Schils, Heinz"]
[Result "1/2-1/2"]
[WhiteElo "1893"]
[BlackElo "1797"]
[PlyCount "56"]
[EventDate "2015.??.??"]

1. d4 f5 2. Nf3 Nf6 3. Bg5 c6 4. Nbd2 d5 5. e3 g6 6. c4 Bg7 7. Bd3 O-O 8. O-O
Ne4 9. Bf4 Nxd2 10. Qxd2 e6 11. Ne5 Nd7 12. Rac1 Re8 13. Rfd1 Nf6 14. f3 Nh5
15. Bg3 Qg5 16. f4 Qe7 17. Be1 Nf6 18. Bh4 Qf8 19. Bxf6 Bxf6 20. c5 Bxe5 21.
fxe5 Re7 22. b4 a6 23. a4 Bd7 24. Rb1 Ree8 25. b5 axb5 26. axb5 Ra3 27. bxc6
Bxc6 28. Ra1 Rea8 {...51} 1/2-1/2

[Event "Ogolnopolski Turniej Fianchetto"]
[Site "Jastrzebia Gora"]
[Date "2015.??.??"]
[Round "7.11"]
[White "Krawcewicz, Lucyna"]
[Black "Rogalski, Krzysztof"]
[Result "1-0"]
[WhiteElo "1874"]
[BlackElo "1788"]
[PlyCount "72"]
[EventDate "2015.??.??"]

1. c4 Nf6 2. Nf3 e6 3. g3 b6 4. Bg2 Bb7 5. O-O c5 6. Nc3 Be7 7. b3 a6 8. Bb2
Qc7 9. e3 d6 10. Rc1 Nbd7 11. Ne2 O-O 12. d4 Rac8 13. Nc3 Rfd8 14. Qd3 Qb8 15.
Rfd1 Qa8 16. Ne1 Bxg2 17. Nxg2 Qb7 18. Ne1 d5 19. cxd5 Nxd5 20. Nxd5 Qxd5 21.
e4 Qb7 22. Qf3 Bf6 23. e5 Qxf3 24. Nxf3 Be7 25. d5 exd5 26. Rxd5 Nf8 27. Rcd1
Ne6 28. Rxd8+ Rxd8 29. Rxd8+ Bxd8 30. Nd2 Bc7 31. f4 Nd8 32. Kf2 Nc6 33. Ke3
Kf8 34. Ke4 g6 35. a3 Ke7 36. g4 f5+ {...65} 1-0

[Event "Ogolnopolski Turniej Fianchetto"]
[Site "Jastrzebia Gora"]
[Date "2015.??.??"]
[Round "7.12"]
[White "Les, Czeslaw"]
[Black "Szydlowski, Wiktor"]
[Result "1-0"]
[WhiteElo "1874"]
[BlackElo "1787"]
[PlyCount "65"]
[EventDate "2015.??.??"]

1. d4 d5 2. Nf3 Nf6 3. c4 c6 4. Nc3 h6 5. e3 Bg4 6. Bd3 Nbd7 7. h3 Bh5 8. g4
dxc4 9. Bc2 Bg6 10. Bxg6 fxg6 11. Qc2 Kf7 12. Nh4 g5 13. Ng6 Rg8 14. f4 Qc7 15.
Ne5+ Nxe5 16. fxe5 Nd5 17. O-O+ Nf6 18. Ne2 b5 19. Bd2 g6 20. Bc3 Kg7 21. exf6+
exf6 22. d5 Be7 23. Rad1 Rad8 24. e4 b4 25. Be1 h5 26. Nd4 Bc5 27. Qxc4 cxd5
28. exd5 hxg4 29. Bf2 Rge8 30. Ne6+ Rxe6 31. Qxc5 Qxc5 32. Bxc5 Re4 33. Bd4 {
...51} 1-0

[Event "Ogolnopolski Turniej Fianchetto"]
[Site "Jastrzebia Gora"]
[Date "2015.??.??"]
[Round "7.13"]
[White "Kondrusik, Aleksander"]
[Black "Janocha, Jan"]
[Result "1-0"]
[WhiteElo "1554"]
[BlackElo "1736"]
[PlyCount "91"]
[EventDate "2015.??.??"]

1. e4 e6 2. d4 b6 3. g3 Bb7 4. Bg2 Ne7 5. Bg5 f6 6. Be3 d5 7. f3 Ng6 8. Nd2 Bd6
9. Ne2 O-O 10. O-O Nd7 11. Rc1 Rc8 12. c4 c6 13. a3 Bb8 14. b4 Qe7 15. Qb3 Kh8
16. c5 Ba6 17. Rf2 f5 18. e5 Qf7 19. f4 h5 20. Bf1 Ne7 21. Nf3 Ng8 22. Ng5 Qe7
23. Kg2 Nh6 24. h3 Bc7 25. Nc3 Bxf1+ 26. Rfxf1 b5 27. Qd1 g6 28. Qe2 Kg7 29.
Nd1 Nf7 30. Nf3 a5 31. Nf2 Ra8 32. Bd2 axb4 33. axb4 Ra4 34. Ra1 Rfa8 35. Bc3
Qd8 36. Rxa4 Rxa4 37. Ra1 Qa8 38. Rxa4 Qxa4 39. Qb2 Bd8 40. Bd2 Nf8 41. Qc3 Nh7
42. g4 hxg4 43. hxg4 g5 44. gxf5 Nf8 45. fxe6 Nh6 46. Nxg5 1-0

[Event "Ogolnopolski Turniej Fianchetto"]
[Site "Jastrzebia Gora"]
[Date "2015.??.??"]
[Round "7.14"]
[White "Zelajtys, Jozef"]
[Black "Karolak, Jan"]
[Result "1-0"]
[WhiteElo "1581"]
[BlackElo "1832"]
[PlyCount "39"]
[EventDate "2015.??.??"]

1. e4 Nf6 2. e5 Nd5 3. d4 e6 4. c4 Nb6 5. Nc3 Bb4 6. Nf3 d6 7. Be2 dxe5 8. Nxe5
N8d7 9. Ng4 h6 10. O-O O-O 11. Qc2 Nf6 12. Be3 Nxg4 13. Bxg4 Nxc4 14. Bf4 Bd6
15. Bc1 e5 16. dxe5 Bxe5 17. Bxc8 Rxc8 18. Rd1 Qh4 19. g3 Qh5 20. Nd5 {...59}
1-0

[Event "Ogolnopolski Turniej Fianchetto"]
[Site "Jastrzebia Gora"]
[Date "2015.??.??"]
[Round "7.15"]
[White "Mettel, Werner"]
[Black "Krzystala, Henryk"]
[Result "1-0"]
[WhiteElo "1824"]
[BlackElo "1575"]
[PlyCount "69"]
[EventDate "2015.??.??"]

1. e4 e6 2. d4 d5 3. e5 Bb4+ 4. c3 Be7 5. Nf3 c5 6. Bb5+ Bd7 7. Bxd7+ Nxd7 8.
O-O c4 9. Nbd2 f6 10. Qe2 Nh6 11. exf6 Bxf6 12. Qxe6+ Qe7 13. Qxd5 Nb6 14. Qh5+
Qf7 15. Qb5+ Qd7 16. Re1+ Kd8 17. Qxd7+ Kxd7 18. Ne4 Be7 19. Ne5+ Kc7 20. Nd2
Raf8 21. Ndxc4 Nd5 22. Ne3 Nxe3 23. Bxe3 Nf5 24. Re2 Nxe3 25. Rxe3 Bg5 26. Re2
Bf4 27. Nd3 Bd6 28. Rae1 b6 29. Ne5 Re8 30. Nf7 Rxe2 31. Rxe2 Rf8 32. Nxd6 Kxd6
33. g3 Kd5 34. b3 Rf3 35. Re3 1-0

[Event "Ogolnopolski Turniej Fianchetto"]
[Site "Jastrzebia Gora"]
[Date "2015.??.??"]
[Round "7.17"]
[White "Olszewski, Jerzy"]
[Black "Mackowiak, Bogusz"]
[Result "1-0"]
[WhiteElo "1681"]
[BlackElo "1435"]
[PlyCount "33"]
[EventDate "2015.??.??"]

1. e4 c6 2. g3 d5 3. exd5 cxd5 4. Bg2 Nf6 5. d4 Nc6 6. c3 h6 7. Nf3 Bf5 8. O-O
Qc8 9. Re1 Be4 10. Nbd2 Bh7 11. Ne5 Nd7 12. Bxd5 Ndxe5 13. dxe5 e6 14. Bg2 Qc7
15. Nf3 Rd8 16. Qa4 b6 17. Nd4 1-0

[Event "Ogolnopolski Turniej Fianchetto"]
[Site "Jastrzebia Gora"]
[Date "2015.??.??"]
[Round "7.18"]
[White "Woda, Janusz"]
[Black "Grabczynski, Zdzislaw"]
[Result "1-0"]
[WhiteElo "1588"]
[BlackElo "1659"]
[PlyCount "63"]
[EventDate "2015.??.??"]

1. b4 Nf6 2. Bb2 g6 3. c4 d6 4. e3 Bg7 5. b5 O-O 6. h3 c6 7. a4 Nbd7 8. Nf3 a6
9. Nc3 a5 10. Rc1 c5 11. Bd3 b6 12. Bb1 Bb7 13. O-O d5 14. Nxd5 Nxd5 15. Bxg7
Nxe3 16. fxe3 Kxg7 17. Qc2 Nf6 18. Qc3 Qd6 19. d4 Rad8 20. d5 Kg8 21. e4 Qg3
22. Rfe1 Nh5 23. Ne5 Qxc3 24. Rxc3 e6 25. Rf3 Ng7 26. Ng4 f5 27. Nh6+ Kh8 28.
g4 fxe4 29. Nf7+ Kg8 30. Nxd8 Rxf3 31. Nxb7 Rxh3 32. Rxe4 1-0

[Event "Ogolnopolski Turniej Fianchetto"]
[Site "Jastrzebia Gora"]
[Date "2015.??.??"]
[Round "7.20"]
[White "Karamucki, Henryk"]
[Black "Wroblewski, Mieczyslaw"]
[Result "0-1"]
[WhiteElo "1422"]
[BlackElo "1773"]
[PlyCount "38"]
[EventDate "2015.??.??"]

1. b3 c5 2. Bb2 Nc6 3. c4 e6 4. e3 Nf6 5. f4 d5 6. cxd5 exd5 7. Nf3 Bd6 8. d4
O-O 9. Bd3 Re8 10. O-O Ng4 11. Bc1 Qf6 12. Ne5 Qh4 13. Nxg4 Bxg4 14. Qd2 cxd4
15. g3 Qh5 16. exd4 Nb4 17. Ba3 Nxd3 18. Bxd6 Re2 19. Qxd3 Qxh2# 0-1

[Event "Ogolnopolski Turniej Fianchetto"]
[Site "Jastrzebia Gora"]
[Date "2015.??.??"]
[Round "7.22"]
[White "Grobelna, Ewa"]
[Black "Fojcik, Krzysztof"]
[Result "0-1"]
[WhiteElo "1533"]
[BlackElo "1582"]
[PlyCount "63"]
[EventDate "2015.??.??"]

1. d4 f5 2. Nc3 Nf6 3. Nf3 e6 4. a3 c6 5. e3 d5 6. Bd3 Bd6 7. Ne5 Nbd7 8. f4
O-O 9. O-O Ne4 10. Qh5 Ndf6 11. Qh3 Ng4 12. Nxe4 dxe4 13. Be2 Nf6 14. Bd2 c5
15. c3 Qb6 16. Rab1 cxd4 17. cxd4 Bd7 18. Nxd7 Nxd7 19. Bc3 Nf6 20. Bc4 Nd5 21.
Bxd5 exd5 22. Kh1 Rf6 23. Rg1 Raf8 24. Qg3 Rg6 25. Qf2 Qd8 26. g3 Rff6 27. Rg2
Qb6 28. Qd2 Bxa3 29. b4 a5 30. b5 a4 31. Ba5 Qa7 32. Rgg1 0-1

[Event "Ogolnopolski Turniej Fianchetto"]
[Site "Jastrzebia Gora"]
[Date "2015.??.??"]
[Round "7.23"]
[White "Piasecki, Stanislaw"]
[Black "Grabarczyk, Edmund"]
[Result "1-0"]
[WhiteElo "1589"]
[BlackElo "1284"]
[PlyCount "80"]
[EventDate "2015.??.??"]

1. e4 c5 2. Nf3 d6 3. d4 cxd4 4. Nxd4 Nf6 5. Nc3 a6 6. Be2 g6 7. O-O Bg7 8. Be3
O-O 9. Qc1 e5 10. Nb3 Nc6 11. h3 Be6 12. Rd1 Ne8 13. Nd5 Qh4 14. Bf3 h6 15. c3
f5 16. Qc2 f4 17. Bb6 Rc8 18. Qe2 Qg5 19. Kh2 Bxd5 20. Rxd5 Ne7 21. Rdd1 Rf6
22. Bg4 Rc6 23. Bd8 f3 24. Bxf3 Rf8 25. Na5 Rc8 26. Bb6 d5 27. Be3 Qf6 28. exd5
Nd6 29. Bg4 Nef5 30. Rac1 h5 31. Bxf5 Nxf5 32. Nxb7 Nxe3 33. Qxe3 Rc4 34. Rc2
Kh7 35. d6 Bh6 36. Qe2 Rf4 37. Kg1 Rxf2 38. Qxf2 Qxf2+ 39. Rxf2 Be3 40. Rdf1
Bb6 1-0